000 01004cam a22003017a 4500
003 CHAP
005 20220329140233.0
008 971013s1975 r 00010 d
010 _a49037
011 _a50009
035 _a54159
040 _cCHAP
082 _a630.71
_bV4
100 0 0 _aVerdesoto Alvarez, Galo.
_9118849
245 1 4 _aLas facultades agropecuarias del Ecuador
_b: primer año de labores del CONFCA
260 _a(Quito) :
_bEd. Universitaria,
_c1975
300 _a214 p.
590 _aBATCH-UPD
_b10
_c20130110
_lUCH01
_h0752
590 _aBATCH-UPD
_b10
_c20130410
_lUCH01
_h0432
590 _aBATCH-UPD
_b10
_c20130914
_lUCH01
_h1241
590 _aCONVERSION
_b10
_c20130109
_lUCH01
_h1327
650 1 4 _aEducación agrícola.
_935491
650 1 4 _aEducación agrícola
_xEcuador.
_935514
901 _aBK
942 _cLIBRO
949 _a630.71 V4
_bBC
_cLIBRO
_d33724000033916
_eLIBRO
_h39805
_i54159
_mD
_si
949 _a630.71 V4
_bBC
_cLIBRO
_d33724000034187
_eLIBRO
_fc.2
_h42035
_i54159
_mD
_si
999 _c49037
_d49037